Unemployement, employement and exports in British manufacturing (Registro nro. 26899)
[ vista simple ]
| 000 -LEADER | |
|---|---|
| fixed length control field | 00386 a2200121 4500 |
| 001 - CONTROL NUMBER | |
| control field | ART_14126 |
| 005 - DATE AND TIME OF LATEST TRANSACTION | |
| control field | 20260410161912.0 |
| 008 - FIXED-LENGTH DATA ELEMENTS--GENERAL INFORMATION | |
| fixed length control field | 260409a |
| 100 1# - MAIN ENTRY--PERSONAL NAME | |
| Personal name | Muellbauer, John |
| 245 10 - TITLE STATEMENT | |
| Title | Unemployement, employement and exports in British manufacturing |
| 700 1# - ADDED ENTRY--PERSONAL NAME | |
| Personal name | Winter, David G. |
| 773 0# - HOST ITEM ENTRY | |
| Title | European economic review |
| Related parts | - Vol. 13, Nº 3 (may. 1980) |
| Record control number | REV13346 |
No hay ítems disponibles.